|
|
|
|
| LEADER |
02957nam a2200373 a 4500 |
| 001 |
13963260 |
| 003 |
BD-DhAAL |
| 005 |
20250424153941.0 |
| 008 |
111207s2004 maub b 000 0 eng d |
| 010 |
|
|
|a 2005424187
|
| 020 |
|
|
|a 0974110876
|
| 040 |
|
|
|a DLC
|c DLC
|d DLC
|d BD-DhAAL
|
| 082 |
0 |
4 |
|a 362.1/072/3
|2 22
|
| 110 |
2 |
|
|a Joint Learning Initiative.
|9 7757
|
| 245 |
1 |
0 |
|a Human resources for health :
|b overcoming the crisis /
|c Joint Learning Initiative.
|
| 260 |
|
|
|a Cambridge, Mass. :
|b Global Equity Initiative :
|b Distributed by Harvard University Press,
|c 2004.
|
| 300 |
|
|
|a x, 206 pages :
|b illustrations, maps ;
|c 26 cm
|
| 504 |
|
|
|a Includes bibliographical references.
|
| 505 |
|
|
|a The power of the health worker -- Communities at the frontlines -- Country leadership -- Global responsibilities -- Putting workers first.
|
| 520 |
|
|
|a In this analysis of the global workforce, the Joint Learning Initiative, a consortium of over 100 health leaders, proposes that mobilization and strengthening of human resources for health, neglected yet critical, is central to combating health crises in some of the world's poorest countries and for building sustainable health systems everywhere.
|
| 526 |
|
|
|a AAL
|
| 541 |
1 |
|
|a Complimentary copy from Dr. Ahmed Mushtaque Raza Chowdhury (Former Vice Chairperson of BRAC)
|e 00023943, 44403, 44404
|
| 650 |
|
0 |
|a Public health.
|9 6314
|
| 650 |
|
0 |
|a Medical personnel.
|9 7758
|
| 650 |
|
0 |
|a Health Workforce
|x organization & administration.
|9 58184
|
| 650 |
|
0 |
|a Health Workforce.
|9 58184
|
| 852 |
1 |
|
|a Ayesha Abed Library
|j General shelf
|
| 942 |
|
|
|2 ddc
|c BK
|
| 999 |
|
|
|c 11545
|d 11545
|
| 952 |
|
|
|0 0
|1 0
|2 ddc
|3 Need to change call number within the book ; After returning the book, please send it to cataloguing team.
|4 0
|6 331_119136200000000_HUM
|7 0
|9 18792
|a JPGSPH
|b JPGSPH
|d 2011-12-07
|e School of Public Helath
|l 0
|o 331.1191362 HUM
|p 3060023943
|r 2011-12-07
|t 1
|w 2011-12-07
|y BK
|
| 952 |
|
|
|0 0
|1 0
|2 ddc
|4 0
|6 362_107230000000000_HUM
|7 0
|9 43561
|a SCL
|b SCL
|c GEN
|d 2005-03-14
|l 0
|o 362.10723 HUM
|p 3020005258
|r 2014-08-31
|t 2
|w 2014-08-31
|y BK
|
| 952 |
|
|
|0 0
|1 0
|2 ddc
|4 0
|6 362_107230000000000_HUM
|7 0
|9 54523
|a SCL
|b SCL
|c GEN
|d 2015-06-27
|l 0
|o 362.10723 HUM
|p 3020005257
|r 2015-06-27
|t 3
|w 2015-06-27
|y BK
|
| 952 |
|
|
|0 0
|1 0
|2 ddc
|4 0
|6 362_107230000000000_HUM
|7 1
|9 77658
|a BRACUL
|b BRACUL
|c AMRC
|d 2025-04-24
|e Complimentary copy from Dr. Ahmed Mushtaque Raza Chowdhury (Former Vice Chairperson of BRAC)
|l 0
|o 362.10723 HUM
|p 3010044403
|r 2025-04-24
|t 4
|w 2025-04-24
|y BK
|x Complimentary copy received from Dr. Ahmed Mushtaque Raza Chowdhury (Former Vice Chairperson of BRAC) on 17 April 2025
|
| 952 |
|
|
|0 0
|1 0
|2 ddc
|4 0
|6 362_107230000000000_HUM
|7 1
|9 77659
|a BRACUL
|b BRACUL
|c AMRC
|d 2025-04-24
|e Complimentary copy from Dr. Ahmed Mushtaque Raza Chowdhury (Former Vice Chairperson of BRAC)
|l 0
|o 362.10723 HUM
|p 3010044404
|r 2025-04-24
|t 5
|w 2025-04-24
|y BK
|x Complimentary copy received from Dr. Ahmed Mushtaque Raza Chowdhury (Former Vice Chairperson of BRAC) on 17 April 2025
|